Quiz Lettre mélangée - Jeu vidéo - Statistiques

Statistiques générales
  • Ce quiz a été pris 53 fois
  • Le résultat moyen est 8 sur 15
Statistiques - réponses
Lettres Mélangées Jeux Vidéos Originaux % Correct
Rckuel eeagot Rocket league
84%
fRat Raft
82%
tiFeront Fortnite
76%
aaiok Mrrt Mario Kart
76%
srwla Brsta Brawl Stars
74%
kteJnup Jetpunk
64%
aaSbuntic Subnautica
62%
gomAnus Among us
60%
farcMtnei Minecraft
52%
wvtOhcare Overwatch
40%
yWi ialp Wii Play
32%
uOln py Only up
28%
krloaa btMmto Mortal Kombat
22%
dtes uaJnc Just Dance
12%
groAlm anicssin Animal crossing
10%
Aucun quiz correspondant
Distribution des résultats
% des personnes avec chaque résultat
Percentile par nombre de réponses
Votre historique - résultats
Vous n’avez pas pris ce quiz